000 00633cam a22002293a 4500
001 19188
003 PGUSA
005 20140828083416.0
008 060905s2006||||xxu|||||s|||||000 p eng d
040 _aPGUSA
_beng
042 _adc
050 4 _aPR
100 1 _aRossetti, Christina Georgina,
_d1830-1894
245 1 0 _aPoems
_h[electronic resource] /
_cChristina Georgina Rossetti
260 _bProject Gutenberg,
_c2006
506 _aPublic domain in the USA.
516 _aElectronic text
653 _aEnglish poetry
830 0 _aProject Gutenberg
_v19188
856 4 0 _uhttp://www.gutenberg.org/ebooks/19188
942 _cEB
999 _c248443
_d248443